[Event "POL-chT 1st League"]
[Site "Jastrzebia Gora"]
[Date "2015.09.07"]
[Round "3.12"]
[White "Mareckova, Martina"]
[Black "Poznanska, Katarzyna"]
[Result "1/2-1/2"]
[WhiteElo "2137"]
[BlackElo "2106"]
[PlyCount "97"]
[EventDate "2015.09.05"]
[EventType "team-tourn"]
[EventRounds "9"]
[EventCountry "POL"]
[SourceTitle "EXT 2016"]
[Source "ChessBase"]
[SourceDate "2015.10.08"]
[SourceVersion "1"]
[SourceVersionDate "2015.10.08"]
[SourceQuality "1"]
[WhiteTeam "Pawlowice Gminy"]
[BlackTeam "Legnica Miedz"]
[WhiteTeamCountry "POL"]
[BlackTeamCountry "POL"]

1. e4 c5 2. Nc3 d6 3. g3 Nc6 4. Bg2 g6 5. d3 Bg7 6. Be3 e6 7. Qd2 Nd4 8. Nd1 h5 9. c3 Nc6 10. h3 Nge7 11. f4 Qa5 12. Nf3 d5 13. Bf2 d4 14. cxd4 Qxd2+ 15. Kxd2 Bxd4 16. Nxd4 Nxd4 17. Rc1 b6 18. Bxd4 cxd4 19. Rc4 h4 20. g4 e5 21. fxe5 Be6 22. Rxd4 Nc6 23. Ra4 Nxe5 24. Ne3 a5 25. b4 0-0 26. bxa5 Rxa5 27. Rxa5 bxa5 28. Rc1 Rd8 29. Nd5 f5 30. gxf5 gxf5 31. Rc5 Bxd5 32. Rxd5 Rxd5 33. exd5 Kf7 34. Ke3 Ke7 35. Bf1 Kd6 36. d4 Nd7 37. Bg2 Nf6 38. Kf4 Nxd5+ 39. Bxd5 Kxd5 40. Kxf5 Kxd4 41. Kg4 a4 42. Kxh4 a3 43. Kg4 Kc3 44. h4 Kb2 45. h5 Kxa2 46. h6 Kb1 47. h7 a2 48. h8Q a1Q 49. Kg3 1/2-1/2

[Event "Vienna (Women)"]
[Site "Vienna"]
[Date "2015.04.05"]
[Round "6"]
[White "Exler, Veronika"]
[Black "Mareckova, Martina"]
[Result "1/2-1/2"]
[WhiteElo "2213"]
[BlackElo "2116"]
[PlyCount "85"]
[EventDate "2015.03.31"]
[EventType "tourn"]
[EventRounds "9"]
[EventCountry "AUT"]
[SourceTitle "CBM 165 Extra"]
[Source "ChessBase"]
[SourceDate "2015.04.21"]
[SourceVersion "1"]
[SourceVersionDate "2015.04.21"]
[SourceQuality "1"]

1. d4 Nf6 2. g3 g6 3. Bg2 Bg7 4. e4 d6 5. Ne2 0-0 6. 0-0 e5 7. Nbc3 Nc6 8. d5 Ne7 9. f4 Ne8 10. fxe5 Bxe5 11. Bh6 Ng7 12. Bf4 f5 13. Bxe5 dxe5 14. Qd3 Qd6 15. Kh1 Bd7 16. Qc4 a6 17. a3 Kh8 18. Rad1 Rae8 19. Nc1 Ng8 20. Nb3 Nf6 21. Nc5 b5 22. Qb4 a5 23. Nxb5 axb4 24. Nxd6 cxd6 25. Nxd7 Nxd7 26. axb4 Rb8 27. c3 Nf6 28. Ra1 fxe4 29. Rfe1 Nf5 30. Bxe4 Nxe4 31. Rxe4 Ne7 32. Re2 Rb5 33. Ra7 Re8 34. c4 Rxb4 35. c5 Nxd5 36. cxd6 e4 37. Rf2 e3 38. Rff7 Nf6 39. d7 Nxd7 40. Raxd7 e2 41. Rxh7+ Kg8 42. Rdg7+ Kf8 43. Rf7+ 1/2-1/2